| 000 | 01218nam a22003134a 4500 | ||
|---|---|---|---|
| 005 | 20061127111919.0 | ||
| 008 | 051207s2006 ilua b 000 0 eng | ||
| 010 | _aENG-91974 | ||
| 020 |
_a9788120335745 _c195.00 |
||
| 035 | _aEN-75507 | ||
| 037 | _bDBAD / PUB | ||
| 040 |
_adpl _bEnglish |
||
| 082 | _a362.1068 | ||
| 100 | _aDye, Carson F. | ||
| 245 |
_aExceptional leadership : _b16 critical competencies for healthcare executives / _cby Carson F. Dye [and] Andrew N. Garman. |
||
| 260 |
_aNew Delhi _bPHI Learning _c2006 |
||
| 300 |
_axxxii, 231 p. : _bill. ; _c23 cm (pbk) |
||
| 490 | _aAmerican College of Healthcare Executives management series | ||
| 500 | _aIncludes bibliographical references. | ||
| 650 | _aHealth services administration. | ||
| 650 | _aLeadership. | ||
| 650 |
_aMedical care _xQuality control. |
||
| 650 | _aHealth Services Administration. | ||
| 650 | _aLeadership. | ||
| 650 | _aQuality of Health Care. | ||
| 700 | _aGarman, Andrew N. | ||
| 942 |
_2ddc _cEN _h362.1068 _mDYE |
||
| 999 |
_c19429 _d19429 |
||